Non-Countries in Paris 2024 Olympics - Statistics

General Stats
  • This quiz has been taken 93 times
    69 since last reset
  • The average score is 6 of 13
Answer Stats
Answer % Correct
Palestine
63%
British Virgin Islands
61%
U.S. Virgin Islands
60%
Puerto Rico
58%
Hong Kong
53%
Aruba
46%
Guam
44%
Bermuda
40%
American Samoa
39%
Cook Islands
39%
Cayman Islands
37%
Refugee Olympic Team
35%
Individual Neutral Athletes
9%
No matching quizzes found
Score Distribution
Percent of People with Each Score
Percentile by Number Answered
Your Score History
You have not taken this quiz since the last reset